000 00228 a2200097 4500
001 48561
100 _aSnell, G
245 _aAmy Johnson : Queen of the air
260 _aLondon
_bHard hodder stoughton
_c
090 _c31491
_d31491
942 _aNUST-CAE
_cM
_c23882
999 _c283634
_d283634